00684nam a2200217Ia 4500008004100000020001800041050001400059100001800073245002500091245004800116245005300164260003100217260002000248260000900268300001500277300002500292300001000317440001700327999001900344952010300363180207s9999 xx 000 0 und d a9781595666512 bH611 2008 aHewitt, Sally aMy heart and lungs : ban axciting way to learn about your body! / cby Sally Hewitt ; illustrated by Chris Davidson. aLaguna Hills, California : bQEB Publishing, c2008 a24 pages : bcolor illustration ; c24cm. aQEB my body. c355457d355457 001040aSSISMbSSISMd2018-02-07l0oER H611 2008pSSISM5002r2018-02-07 00:00:00w2018-02-07yBK